000 00596nam a2200205Ia 4500
008 170918s9999 xx 000 0 und d
020 _a9780743487764
050 _bA933 2004
100 _aAusten, Jane
245 _aSense and sensibility /
245 _cJane Austen ; supplementary material written by Karen Davidson ; series edited by Cynthia Brantley Johnson.
260 _aNew York :
260 _bScholastic,
260 _c2004
300 _a392 pages :
300 _bcolored illustration ;
300 _c17cm.
440 _aSimon & Schuster enriched classic.
500 _a1180
999 _c342347
_d342347